000 01408nam0a2200337 i 4500
001 RU\NLR\BIBL_A\010759469
005 20240921223232.0
010 _a9785439609123
_93000
021 _aRU
_b15-26470
035 _a(NILC)RuMoRGB-007907449
035 _a(NLR Aleph) 010759469
090 _a9975221
_c9975221
100 _a20150520d2015 u y0rusy50 ca
101 0 _arus
102 _aRU
105 _ay|||z|||000yy
200 1 _aСудебно-экспертное исследование волос человека и животных
_eмонография
_fЕ. В. Сучкова
210 _aМосква
_cЮрлитинформ
_d2015
215 _a228, [1] с.
_d22
225 1 _aСудебные экспертизы
300 _aНа обороте тит. л. авт.: Сучкова Е. В. - к.б.н.
320 _aБиблиогр.: с. 210-227 (215 назв.) и в подстроч. примеч.
606 1 _aВолосы
_xКриминалистические исследования
_yРоссийская Федерация
_92080744
_3RU\NLR\AUTH\661256694
610 0 _aследы волос человека и животных
686 1 _aХ629.411
700 1 _aСучкова
_bЕ. В.
_gЕлена Владимировна
801 0 _aRU
_bРГБ
_c20150408
_gRCR
942 _cBOOK
980 _aNBR